000
00320nam a22001337a 4500
008
170814b xxu||||| |||| 00| 0 eng d
020
_a
0132528754
041
_a
eng
080
_2
2ND
_a
51
100
_a
36
101
_a
MAT
245
_a
ELEMENTARY APPLIED PARTIAL DIFFERENTIAL EQUATIONS
_c
HABERMAN,R
942
_2
udc
_c
BK
999
_c
23384
_d
23384